| 000 | 00533nam a2200205Ia 4500 | ||
|---|---|---|---|
| 008 | 210210b2014 xxu||||| |||| 00| 0 eng d | ||
| 020 | _a9788126919369 | ||
| 041 | _aeng | ||
| 082 | _a305.42 AZAG | ||
| 100 | _aAZAD (Rajiv) | ||
| 245 | _aGender discrimination: an Indian perspective | ||
| 260 |
_aNew Delhi _bAtlantic Publishers & Distibutors (P) Ltd _c2014 |
||
| 300 | _a207 | ||
| 650 | _aperspective | ||
| 650 | _aIndian | ||
| 650 | _aGender | ||
| 650 | _adiscrimination:an | ||
| 690 | _aWomen Studies | ||
| 906 | _a073438 | ||
| 999 |
_c123275 _d123275 |
||